00644cam a22001697a 4500008004000000020001500040082001800055245016200073260002500235300001000260650003500270700001500305700002600320700002000346999001900366952008900385180718b2005 xxu||||| |||| 00| 0 eng d a8186962832 aQ31x1724 M527 aAlleviating poverty: case studies of local-level linkages and processes in the developing worldcedited by Vineetha Menon, P.R. Gopinathan Nair and K.N. Nair aNoidabRainbowc2005 a335p. aPoverty - Developing countries aNair, K.N. aNair, P.R. Gopinathan aMenon, Vineetha c405075d405075 00104070aIIPAbIIPAd2006-02-22oQ31x1724 M527p80938r2018-07-21w2018-07-21yBK